Регионална библиотека "Любен Каравелов" - Русе

Елин Пелин (Запис номер 50243)

MARC детайли
000 -Лидер
Контролно поле с фиксирана дължина 02219nam a2200469 c 4500
003 - Код на организацията, давaща контролен номер
Контролно поле BLK
005 - Дата и час на последна редакция
Контролно поле 20240623004054.0
008 - Елементи от данни с фиксирана дължина
fixed length control field 180408b bul|||||r ||||||| ||bul||
010 ## - Наследен системен номер
LC control number KNG00054114000
020 ## - Международен стандартен номер на книга ISBN
Международен стандартен номер на книга ISBN 954-771-091-5
-- издат.: Кръгозор
040 ## - Източник на каталожния запис
Идентификатор на билиотеката - собственик на записа BLK
041 ## - Код за език
Код за езика на текст/звукозапис или на отделно заглавие Български
Код за езика КДБФ Български
080 ## - УДК
Текстов определител УДК Българска литература
УДК код - определител по УДК 821.163.2
УДК определител (092)(075.4)
УДК - код + определител 821.163.2(092)(075.4)
080 ## - УДК
Текстов определител УДК Българска литература
УДК код - определител по УДК 821.163.2
УДК определител -32.09(075.4)
УДК - код + определител 821.163.2-32.09(075.4)
080 ## - УДК
Текстов определител УДК Български писател
УДК код - определител по УДК 929 Елин Пелин
УДК определител
УДК - код + определител 929 Елин Пелин
100 1# - Редна дума - Автор
Автор Гинев, Антонио Михайлов
Авторска отговорност първи автор
R(LIN) 368446
139 ## - Редно поле
Редна дума Гинев, Антонио Михайлов и др.
Авторски знак Елин Пелин - Е 53
245 10 - Сведения за заглавието
Заглавие Елин Пелин
Подзаглавни данни Лит. интерпретации
Редно поле (дума) Антонио Михайлов Гинев; съавт. Милена Христова Янкова-Русева; * Милена Христова Янкова.
257 ## - Страна на издаване
Страна на създаване/издаване България
260 ## - Област на издателските данни
-- София
Име на издателя, разпространителя и проч. Кръгозор
Година на издаване 2005
300 ## - Физическа характеристика
Страници 160 с.
Размери/Мащаб 21 см
380 ## - Жанр
Жанр Литературознание
490 1# - СЕРИИ (Колекции)
Име на серия Успешна матура
№: серия 6
500 ## - Общи забележки
Забележка Втората авт. известна като Милена Христова Янкова . - Библиогр. с. 159.
504 ## - Забележка за наличие на библиография и др
Забележка за наличие на библиография и под. 159
600 #0 - Име на лице, използвано като предмет
За него / За нея Елин Пелин
Пълна форма на името Стоянов, Димитър Иванов
9 (RLIN) 363511
650 #4 - Допълнително описание по предмет – тема
Основно описание – тема или топоним Българска литература - учебни помагала
9 (RLIN) 242720
650 #0 - Допълнително описание по предмет – тема
Основно описание – тема или топоним Писатели, български
9 (RLIN) 241944
650 #4 - Допълнително описание по предмет – тема
Основно описание – тема или топоним Елин Пелин
9 (RLIN) 248019
653 ## - Ключова дума – ненормативна
Ключова дума българска литература
653 ## - Ключова дума – ненормативна
Ключова дума български писатели
653 ## - Ключова дума – ненормативна
Ключова дума учебни помагала
653 ## - Ключова дума – ненормативна
Ключова дума Елин Пелин
700 1# - Други автори (авторска отговорност)
Лично име Янкова-Русева, Милена Христова
Автороска отговорност (Описва отношението между автора и произведението) съавт.
9 (RLIN) 283092
700 1# - Други автори (авторска отговорност)
Лично име Янкова, Милена Христова
Автороска отговорност (Описва отношението между автора и произведението) *
Друга информация Янкова-Русева, Милена Христова
9 (RLIN) 283093
852 ## - Местоположение
Форматна сигнатура Цб 223931
856 4# - Електронен адрес и достъп
Електронен формат pdf - файл
Път до файла /url/
856 4# - Електронен адрес и достъп
Електронен формат pdf - файл
Път до файла /url/
942 ## - АРТИКУЛИ
Вид на библиотечния материал Книги
Скрит в OPAC Не
944 ## - СЪЗДАВАНЕ И РЕДАКЦИЯ на ЗАПИСА
Създаване/Редакция Създаване
Дата на регистрацията/редакция 01.06.2005
Статус, дата на статуса CRON CRON
Служител, извършил регистрацията/редакцията
944 ## - СЪЗДАВАНЕ И РЕДАКЦИЯ на ЗАПИСА
Създаване/Редакция Редакция
Дата на регистрацията/редакция 08.09.2010
Статус, дата на статуса ф /
Служител, извършил регистрацията/редакцията
999 ## - СИСТЕМНИ КОНТРОЛНИ НОМЕРА
Koha biblionumber 50243
Koha biblioitemnumber 50243
Наличности
Код за отписване Код за изгубен артикул Източник на класификационната схема Код за повреда Коз за рестрикции Код за отдаване Артикулен № Име на библиотеката - собственик Име на библиотеката, в която се намира в момента Статус (Текущо местоположение) Дата на вписване в системата Местоположение - отдел Цена в лева Инвентарен номер Систематично азбучна сигнатура Баркод Номер на екземпляра Цена в евро Служебна бележка Служебен тип на артикула
  Не е изгубен Universal Decimal Classification Не е повреден без рестрикции заемане за дома 78610 Регионална библиотека "Любен Каравелов" Русе Регионална библиотека "Любен Каравелов" Русе Заемна - подръчен фонд 2005-05-31 Заемна - подръчен фонд 5.00 120000694593 П 821.163.2.09(092)/Е 53 120000694593 1 2.56 Дост: Pk Вид: Ф N: 4 Дата: 31.05.2005 Дата инв: 07.02.2018 Бележки инв: П2018 Книги
  Не е изгубен Universal Decimal Classification Не е повреден без рестрикции ползва се в читалня 78611 Регионална библиотека "Любен Каравелов" Русе Регионална библиотека "Любен Каравелов" Русе Читалня 2005-05-31 Читалня 5.00 120000694594 Ч 821.163.2.09(092)/Е 53 120000694594 2 2.56 Дост: Pk Вид: Ф N: 4 Дата: 31.05.2005 Дата инв: 27.03.2017 Бележки инв: Ч2017 Книги
  Не е изгубен Universal Decimal Classification Не е повреден без рестрикции заемане за дома 78612 Регионална библиотека "Любен Каравелов" Русе Регионална библиотека "Любен Каравелов" Русе Заемна - подръчен фонд 2007-01-24 Заемна - подръчен фонд 5.00 120000708818 П 821.163.2.09(092)/Е 53 120000708818 3 2.56 Дост: Pk Вид: Ф N: 815 Дата: 22.01.2007 Дата инв: 07.02.2018 Бележки инв: П2018 Книги
  Не е изгубен   Не е повреден без рестрикции ползва се в читалня 78613 Регионална библиотека "Любен Каравелов" Русе Регионална библиотека "Любен Каравелов" Русе Хранилище 2010-09-01 Хранилище 5.00 120000745266 Цб 223931 120000745266 4 2.56 Дост: Dp Вид: Д N: 49 Дата: 25.11.2009 Книги
Vip Innovations Ltd, Rousse, Bulgaria 2025